| 000 | 00839cab a2200253 4500 | ||
|---|---|---|---|
| 001 | WB3345-50 | ||
| 008 | 090401t1997 xxu||||| |||| 00| 0 eng d | ||
| 035 | _a(Sirsi) u82187 | ||
| 041 | _aeng | ||
| 245 | _aNuisance: abatement notices | ||
| 260 | _c1997 | ||
| 350 | _a0 | ||
| 490 |
_aEstates Gazette Case Summaries _v[1997] EGCS 151, (15/11/97) |
||
| 520 | _a"Kirklees MBC v Field and others" QBD 31 October 1997. An abatement notice must inform the landowner of what is wrong and where action or works should be carried out. | ||
| 650 | _aABATEMENT NOTICE | ||
| 650 | _aCESSATION | ||
| 650 | _aENVIRONMENTAL PROTECTION ACT 1990 S80(3) | ||
| 650 | _aKIRKLEES MBC V FIELD AND OTHERS | ||
| 650 | _aNUISANCE | ||
| 650 | _aREMEDIAL WORKS | ||
| 690 | _aPROPERTY LAW AND PRACTICE-CASE LAW | ||
| 942 | _n0 | ||
| 948 | _c19/11/1997 | ||
| 999 |
_c51847 _d51847 |
||